Catalog

Record Details

Catalog Search



Available copies

  • 2 of 2 copies available at LARL/NWRL Consortium.
  • 2 of 2 copies available at Lake Agassiz Regional Library. (Show preferred library)

Current holds

0 current holds with 2 total copies.

Show Only Available Copies
Location Call Number / Copy Notes Barcode Shelving Location Status Due Date
Hawley Public Library GAG (Text) 33500013868104 Main Available -
Moorhead Public Library GAG (Text) 33500013868112 Main Reshelving -

Record details

  • ISBN: 9780593598023
  • ISBN: 0593598024
  • Physical Description: 384 pages ; 21 cm
  • Publisher: New York : Bantam Books, [2023]

Content descriptions

Summary, etc.:
"A remote winery. A missing friend. And they all ... Read More
Subject: Female friendship > Fiction.
Genre: Detective and mystery fiction.
Novels.
LDR 02991cam a22004218i 4500
001419802
003LARL_NWRL_CONSORTIUM
00520230911145548.0
008230206s2023 nyu 000 1 eng
010 . ‡a 2022057981
040 . ‡aDLC ‡beng ‡erda ‡cDLC ‡dBDX ‡dOCLCF ‡dCHY
020 . ‡a9780593598023 ‡q(trade paperback)
020 . ‡a0593598024
020 . ‡z9780593598030 ‡q(Ebook)
035 . ‡a(OCoLC)1369031379
042 . ‡apcc
08200. ‡a813/.6 ‡223/eng/20230206
1001 . ‡aGagnon, Jilly, ‡eauthor.
24510. ‡aScenes of the crime / ‡cJilly Gagnon.
264 1. ‡aNew York : ‡bBantam Books, ‡c[2023]
300 . ‡a384 pages ; ‡c21 cm
336 . ‡atext ‡btxt ‡2rdacontent
337 . ‡aunmediated ‡bn ‡2rdamedia
338 . ‡avolume ‡bnc ‡2rdacarrier
520 . ‡a"A remote winery. A missing friend. And they all had sour grapes. It should have been the perfect getaway. Five girlfriends. A remote winery on the Oregon coast. An infinite supply of delicious wine at their manicured fingertips. But then their center-beautiful, magnetic Vanessa Morales-vanished, never to be seen again. Emily Fischer was perhaps the last person to see her alive. But now, years later, Emily has caught a glimpse of her again at her local café. Or so she thinks. At the end of her rope working a lucrative yet mind-numbing gig on a network sitcom, Emily is inspired to finally tell the story that's been percolating inside her for so long: Vanessa's story. But to do that, she needs to know what really happened on that fateful night. So she puts a devious plan into motion. She gets the girls together again under the guise of reconnecting and they return to the scene of the crime. There's Brittany, Vanessa's cousin and the inheritor of the winery; Paige, a former athlete, bullish yet easily manipulated; and Lydia, the wallflower of the group. One of them knows the truth. But what have they each been hiding? And has Emily, the narrator of her own story, failed to acknowledge her involvement in the yarn she's been spinning? Suspenseful, entertaining, and interspersed with scenes from Emily's blockbuster screenplay, Scenes of the Crime is an unforgettable mystery that examines culpability, the shiny rearview mirror of Hollywood storytelling, and the pitfalls of female friendship"-- ‡cProvided by publisher.
650 0. ‡aFemale friendship ‡vFiction. ‡0(LARL_NWRL_CONSORTIUM)164947
655 7. ‡aDetective and mystery fiction. ‡2lcgft
655 7. ‡aNovels. ‡2lcgft
77608. ‡iOnline version: ‡aGagnon, Jilly. ‡tScenes of the crime : a novel ‡dNew York : Bantam Books, [2023] ‡z9780593598030 ‡w(DLC) 2022057982
901 . ‡a419802 ‡bOCoLC ‡c419802 ‡tbiblio ‡soclc

Additional Resources